[Event "Let's Play Chess!"]
[Site "http://www.queenalice.com/game.php?id=238129"]
[Date "2007.7.11"]
[Round "-"]
[White "GMDimitry"]
[Black "GusthavOX"]
[Result "0-1"]
[WhiteElo "1768"]
[BlackElo "1645"]

1. c4 e5 2. Nc3 Bb4 3. Nf3 Bxc3 4. bxc3 Nc6 5. g3 Nf6 6. Bg2 O-O 7. O-O d5 8.
cxd5 Nxd5 9. Ba3 Re8 10. c4 Ndb4 11. Qb3 a5 12. Nh4 Nd4 13. Qe3 Ndc2 14. Qb3
Nxa1 15. Rxa1 g5 16. Bxb4 axb4 17. Qxb4 gxh4 18. Bxb7 Bxb7 19. Qxb7 h3 20. Qf3
Qd7 21. c5 e4 22. Qe3 Rad8 23. Rd1 f5 24. Qg5+ Kh8 0-1

[Event "Let's Play Chess!"]
[Site "http://www.queenalice.com/game.php?id=238130"]
[Date "2007.7.11"]
[Round "-"]
[White "GMDimitry"]
[Black "GusthavOX"]
[Result "0-1"]
[WhiteElo "1664"]
[BlackElo "1666"]

1. d4 Nf6 2. c4 d5 3. Nc3 g6 4. Nf3 Bg7 5. g3 O-O 6. Bg2 Nc6 7. O-O b6 8. Re1
Ba6 9. cxd5 Nxd5 10. Nxd5 Qxd5 11. Qa4 Bb5 12. Qd1 Rad8 13. e3 e5 14. Ng5 Qd7
15. a4 Bc4 16. b3 Be6 17. Nxe6 Qxe6 18. d5 Qd6 19. Bb2 Nb4 20. e4 f5 21. exf5
Rxf5 22. Ba3 a5 23. Bxb4 axb4 0-1

[Event "Challenge"]
[Site "http://www.queenalice.com/game.php?id=240159"]
[Date "2007.7.14"]
[Round "-"]
[White "candycorn"]
[Black "GMDimitry"]
[Result "1-0"]
[WhiteElo "1302"]
[BlackElo "1525"]

1. e4 c5 2. d3 d6 3. c4 Nf6 4. Bg5 e6 5. Nc3 Be7 6. Qa4+ Bd7 7. Qd1 O-O 8. Nf3
Nc6 9. Qa4 Nd4 10. Qa3 Nc2+ 11. Kd2 Nxa3 12. Be2 Qa5 13. bxa3 Qxa3 14. e5 Qb2+
15. Ke3 1-0

[Event "Challenge"]
[Site "http://www.queenalice.com/game.php?id=240160"]
[Date "2007.7.14"]
[Round "-"]
[White "GMDimitry"]
[Black "rbivanov"]
[Result "0-1"]
[WhiteElo "1525"]
[BlackElo "1526"]

1. c4 e5 2. Nc3 Nf6 3. d3 Bc5 4. Nf3 Nc6 5. g3 O-O 6. Bg2 d5 7. cxd5 Nxd5 8. O-O
Nxc3 9. bxc3 Bf5 10. Bg5 f6 11. Bd2 Qd7 12. Qb3+ Be6 13. Qxb7 a5 14. Nh4 Bd5 15.
Bxd5+ Qxd5 16. Qxc7 Rf7 17. c4 Qe6 18. Qb7 Rxb7 19. Rab1 Rxb1 20. Rxb1 Rb8 21.
Rxb8+ Nxb8 22. Bxa5 Qa6 23. Bc7 Nd7 24. Nf5 Qxa2 25. e3 Qd2 0-1

[Event "AUTO-OPEN-742"]
[Site "http://www.queenalice.com/game.php?id=240391"]
[Date "2007.7.15"]
[Round "1"]
[White "llo_oll"]
[Black "GMDimitry"]
[Result "1-0"]
[WhiteElo "2210"]
[BlackElo "1547"]

1. e4 c5 2. Nf3 d6 3. d4 cxd4 4. Nxd4 Nf6 5. Nc3 e5 6. Bb5+ Bd7 7. Bxd7+ Nbxd7
8. Nf5 g6 9. Nxd6+ Bxd6 10. Qxd6 Qb6 11. Qxb6 Nxb6 12. Be3 O-O 13. O-O-O Nc4 14.
Bg5 1-0

[Event "AUTO-OPEN-742"]
[Site "http://www.queenalice.com/game.php?id=240392"]
[Date "2007.7.15"]
[Round "1"]
[White "GMDimitry"]
[Black "llo_oll"]
[Result "0-1"]
[WhiteElo "1547"]
[BlackElo "2209"]

1. e4 e5 2. Nf3 Nc6 3. Bc4 Bc5 4. O-O Nf6 5. Ng5 O-O 6. c3 h6 7. Nh3 Nxe4 8. b4
d5 9. Bd3 Bb6 10. a4 Bxh3 11. gxh3 Nxf2 12. Rxf2 e4 13. Bc2 Qg5+ 14. Kf1 Bxf2
0-1

[Event "AUTO-OPEN-742"]
[Site "http://www.queenalice.com/game.php?id=240411"]
[Date "2007.7.15"]
[Round "1"]
[White "tratrax"]
[Black "GMDimitry"]
[Result "1-0"]
[WhiteElo "1913"]
[BlackElo "1544"]

1. e4 e5 2. Nf3 d6 3. Bc4 Nf6 4. Nc3 Nc6 5. O-O Be7 6. d4 O-O 7. Re1 Bg4 8. d5
Na5 9. Bb5 c6 10. dxc6 bxc6 11. Ba4 Qb6 12. Qd3 Nd7 13. h3 Be6 14. Rb1 Nc5 15.
Qe3 Nc4 16. Qe2 Nxa4 17. Nxa4 Qb7 18. b3 Nb6 19. Nb2 f5 20. exf5 Bxf5 21. Be3 c5
22. Rbd1 Qe4 23. Nh2 Qxc2 24. Rd2 1-0

[Event "AUTO-OPEN-742"]
[Site "http://www.queenalice.com/game.php?id=240412"]
[Date "2007.7.15"]
[Round "1"]
[White "GMDimitry"]
[Black "tratrax"]
[Result "0-1"]
[WhiteElo "1547"]
[BlackElo "1911"]

1. e4 c6 2. d4 d5 3. Nc3 dxe4 4. Nxe4 Bf5 5. f3 Nd7 6. Be3 Ngf6 7. Ng3 Bg6 8.
Bd3 Nd5 9. Bxg6 Nxe3 10. Qe2 Nxg2+ 11. Qxg2 hxg6 12. O-O-O e6 13. N1e2 Qg5+ 14.
f4 Qd5 15. Qxd5 exd5 16. Rhe1 O-O-O 17. Nc3 Rxh2 18. Rh1 Rh6 19. f5 Bd6 20. Nge2
Rdh8 21. Rxh6 Rxh6 22. fxg6 Rxg6 23. Rf1 f6 24. Nf4 Rh6 25. Ne6 f5 0-1

[Event "AUTO-OPEN-742"]
[Site "http://www.queenalice.com/game.php?id=240423"]
[Date "2007.7.15"]
[Round "1"]
[White "GMDimitry"]
[Black "IkeBroflovski"]
[Result "1-0"]
[WhiteElo "1547"]
[BlackElo "546"]

1. e4 e6 2. d4 d5 3. Nc3 Nf6 4. e5 Nfd7 5. Nf3 c5 6. Be2 Nc6 7. Be3 cxd4 8. Nxd4
Ndxe5 9. Kf1 Be7 10. f4 Ng6 11. g3 Bf6 12. g4 Bxd4 13. Bxd4 Nxf4 14. Bb5 Bd7 15.
Qf3 1-0

[Event "AUTO-OPEN-742"]
[Site "http://www.queenalice.com/game.php?id=240424"]
[Date "2007.7.15"]
[Round "1"]
[White "IkeBroflovski"]
[Black "GMDimitry"]
[Result "0-1"]
[WhiteElo "546"]
[BlackElo "1547"]

1. Nf3 d5 2. c4 Nf6 3. cxd5 Nxd5 4. d4 Nc6 5. e4 Nb6 6. d5 Na5 7. b4 Nac4 8. Qb3
Nd6 9. Bd3 e6 10. O-O Be7 11. Be3 O-O 12. a4 exd5 13. exd5 Bf6 14. Bd4 Nf5 15.
Bxf5 Bxf5 0-1

[Event "Let's Play Chess!"]
[Site "http://www.queenalice.com/game.php?id=245238"]
[Date "2007.7.25"]
[Round "-"]
[White "GMDimitry"]
[Black "Powerslave"]
[Result "0-1"]
[WhiteElo "1597"]
[BlackElo "1488"]

1. d4 e6 2. c4 f5 3. Nc3 Nf6 4. Nf3 d5 5. e3 Bd6 6. Be2 O-O 7. c5 Be7 8. O-O c6
9. Bd3 Ne4 10. Ne5 Nd7 11. f4 Nxe5 12. fxe5 Qe8 13. Qf3 Bd7 14. Ne2 g5 15. b4 g4
16. Qf4 Bg5 17. Qxg5+ Nxg5 0-1

[Event "AUTO-INT-548"]
[Site "http://www.queenalice.com/game.php?id=245428"]
[Date "2007.7.25"]
[Round "1"]
[White "gniark"]
[Black "GMDimitry"]
[Result "1-0"]
[WhiteElo "1665"]
[BlackElo "1489"]

1. d4 Nf6 2. c4 d6 3. Nc3 g6 4. e4 Bg7 5. Nf3 O-O 6. Be2 c5 7. d5 e6 8. Bg5 Nbd7
9. O-O a6 10. h4 Qb6 11. Qd2 Kh8 12. b3 1-0

[Event "AUTO-INT-548"]
[Site "http://www.queenalice.com/game.php?id=245429"]
[Date "2007.7.25"]
[Round "1"]
[White "GMDimitry"]
[Black "gniark"]
[Result "0-1"]
[WhiteElo "1476"]
[BlackElo "1674"]

1. d4 d5 2. c4 e6 3. Nf3 Nf6 4. Nc3 Nbd7 5. e3 Be7 6. Bd2 O-O 7. c5 b6 8. cxb6
cxb6 9. Bb5 a6 10. Bc6 Rb8 11. O-O Qc7 12. Ba4 b5 13. Bc2 Bd6 0-1

[Event "AUTO-INT-548"]
[Site "http://www.queenalice.com/game.php?id=245442"]
[Date "2007.7.25"]
[Round "1"]
[White "mateus_amorim"]
[Black "GMDimitry"]
[Result "0-1"]
[WhiteElo "1721"]
[BlackElo "1475"]

1. d4 Nf6 2. g3 d5 3. Bg2 Nc6 4. Nf3 g6 5. c3 Bg7 6. O-O O-O 7. Re1 e6 8. Nbd2
Ne7 9. Qc2 b6 10. e4 dxe4 11. Nxe4 Nh5 12. Nh4 Nd5 13. c4 Nb4 14. Qd2 f5 15.
Nf6+ Bxf6 16. Bxa8 Bxh4 17. gxh4 Na6 18. Qg5 Qxd4 19. a3 Qxc4 20. Qg3 Nxg3 0-1

[Event "AUTO-INT-548"]
[Site "http://www.queenalice.com/game.php?id=245443"]
[Date "2007.7.25"]
[Round "1"]
[White "GMDimitry"]
[Black "mateus_amorim"]
[Result "0-1"]
[WhiteElo "1542"]
[BlackElo "1673"]

1. d4 d5 2. c4 c6 3. Nf3 e6 4. g3 Be7 5. Nbd2 Nf6 6. Bg2 O-O 7. O-O h6 8. c5 b6
9. cxb6 axb6 10. Qc2 Bb7 11. a3 Na6 12. b4 b5 13. Ne5 Rc8 14. e4 dxe4 15. Nxe4
Nxe4 16. Bxe4 f5 17. Bd3 Qd5 18. Ng6 Rf7 19. Nxe7+ Rxe7 20. f4 Rd7 21. Bb2 c5
22. Kf2 c4 23. Be2 Qg2+ 0-1